| 000 | 00392nam a2200133Ia 4500 | ||
|---|---|---|---|
| 005 | 20260326235459.0 | ||
| 008 | 260326s9999||||xx |||||||||||||| ||und|| | ||
| 100 | _aKennon, Donald R. | ||
| 245 | 0 |
_aWashington - Past and present : _b A Guide to the / _cDonald R. Kennon |
|
| 260 | _bUnited States Capitol Historical Society | ||
| 300 | _a143 p. | ||
| 650 | _aARQUITECTURA REGIONAL | ||
| 942 | _cBK | ||
| 999 |
_c8030 _d8030 |
||